Alle Schalke-Spieler seit 2010 - Statistiken

Allgemein
  • Dieses Quiz wurde 378 mal gespielt
    240 seit der letzten Aktualisierung
  • Das Durchschnittsergebnis liegt bei 111 aus 229
Antwortstatistiken
Position Nation Antwort % Korrekt
Torwart Deutschland Manuel Neuer
96%
Torwart Deutschland Ralf Fährmann
94%
Sturm Niederlande Klaas-Jan Huntelaar
90%
Mittelfeld Deutschland Leroy Sane
89%
Abwehr Senegal Salif Sane
89%
Mittelfeld Deutschland Sidi Sane
89%
Abwehr Brasilien Naldo
86%
Sturm Senegal Pape Meissa Ba
86%
Abwehr Deutschland Benedikt Höwedes
84%
Sturm Spanien Raul
84%
Mittelfeld Deutschland Julian Draxler
83%
Mittelfeld Deutschland Max Meyer
83%
Mittelfeld Peru Jefferson Farfan
81%
Mittelfeld Marokko Amine Harit
80%
Abwehr Niederlande Sepp van den Berg
80%
Abwehr Kamerun Joel Matip
79%
Torwart Deutschland Loris Karius
79%
Abwehr Japan Atsuto Uchida
78%
Mittelfeld Deutschland Leon Goretzka
78%
Mittelfeld Algerien Nabil Bentaleb
78%
Sturm Österreich Guido Burgstaller
77%
Mittelfeld Uruguay Mauro Zalazar
77%
Torwart Österreich Michael Langer
77%
Mittelfeld Uruguay Rodrigo Zalazar
77%
Sturm Türkei Kenan Karaman
76%
Sturm Mali/Frankreich Moussa Sylla
76%
Mittelfeld Ukraine Yevgen Konoplyanka
76%
Torwart Deutschland Alexander Nübel
75%
Sturm Argentinien Franco Di Santo
73%
Torwart Deutschland Justin Heekeren
73%
Abwehr Polen Marcin Kaminski
73%
Abwehr Bosnien-Herzegowina Sead Kolasinac
73%
Abwehr Serbien Matija Nastasic
72%
Torwart Deutschland Alexander Schwolow
71%
Torwart Dänemark Frederik Rönnow
71%
Abwehr Deutschland Joey Müller
71%
Torwart Deutschland Lars Unnerstall
71%
Torwart Deutschland Marius Müller
71%
Sturm Deutschland Simon Terodde
71%
Sturm Finnland Teemu Pukki
71%
Abwehr Deutschland Timo Becker
71%
Torwart Deutschland Timo Hildebrand
71%
Mittelfeld Italien Daniel Caligiuri
70%
Sturm Schweiz Breel Embolo
69%
Mittelfeld USA Weston McKennie
69%
Abwehr Österreich Christian Fuchs
68%
Abwehr Türkei Kaan Ayhan
68%
Abwehr Griechenland Kyriakos Papadopoulos
68%
Torwart Österreich Martin Fraisl
68%
Sturm USA Matthew Hoppe
68%
Torwart Deutschland Timon Wellenreuther
68%
Abwehr Argentinien Felipe Sanchez
67%
Sturm Kamerun Eric-Maxim Choupo-Moting
66%
Sturm Ungarn Adam Szalai
65%
Mittelfeld Kroatien Ivan Rakitic
65%
Abwehr Japan Ko Itakura
65%
Sturm Deutschland Marius Bülter
65%
Abwehr Russland Roman Neustädter
65%
Mittelfeld Frankreich Benjamin Stambouli
64%
Sturm Brasilien Edu
63%
Mittelfeld USA Jermaine Jones
63%
Mittelfeld Wales Rabbi Matondo
63%
Mittelfeld Deutschland Sebastian Rudy
63%
Abwehr Tschechien Tomas Kalas
63%
Mittelfeld Spanien Jose Manuel Jurado
62%
Abwehr England Derry Murkin
60%
Mittelfeld Ghana Kevin-Prince Boateng
60%
Abwehr Deutschland Malick Thiaw
60%
Mittelfeld Deutschland Ron Schallenberg
60%
Abwehr Niederlande Thomas Ouwejan
60%
Mittelfeld Österreich Alessandro Schöpf
59%
Sturm Dänemark Emil Hojlund
59%
Sturm Türkei Ahmed Kutucu
58%
Sturm Belgien Benito Raman
58%
Abwehr Deutschland Henning Matriciani
58%
Abwehr England Jonjoe Kenny
58%
Sturm Bosnien-Herzegowina Vedad Ibisevic
58%
Abwehr Schweiz Adrian Gantenbein
57%
Abwehr Spanien Coke
57%
Mittelfeld Nordmazedonien Darko Churlinov
57%
Sturm Frankreich Bryan Lasme
56%
Sturm USA Haji Wright
56%
Abwehr Mali Ibrahima Cisse
56%
Sturm Deutschland Mark Uth
56%
Torwart Deutschland Ron-Thorben Hoffmann
56%
Abwehr Deutschland Thilo Kehrer
56%
Sturm Rumänien Ciprian Marica
55%
Abwehr Ghana Hans Sarpei
55%
Torwart Deutschland Markus Schubert
55%
Abwehr Türkei Ozan Kabak
55%
Abwehr Deutschland Taylan Bulut
55%
Mittelfeld Deutschland Suat Serdar
54%
Sturm Nigeria Chinedu Obasi
53%
Torwart Deutschland Mathias Schober
53%
Abwehr Japan Maya Yoshida
53%
Abwehr Türkei Mehmet Aydin
53%
Sturm Schweiz Michael Frey
53%
Sturm Österreich Michael Gregoritsch
53%
Mittelfeld Deutschland Paul Seguin
53%
Mittelfeld Deutschland Tom Krauß
53%
Sturm Deutschland Gerald Asamoah
52%
Mittelfeld Äquatorialguinea Omar Mascarell
52%
Mittelfeld Island Victor Palsson
52%
Abwehr Deutschland Bastian Oczipka
51%
Mittelfeld Deutschland Amin Younes
50%
Abwehr Brasilien Felipe Santana
50%
Sturm Deutschland Keke Topp
50%
Mittelfeld Deutschland Max Grüger
50%
Abwehr Deutschland Moritz Jenz
50%
Mittelfeld Marokko Nassim Boujellab
50%
Mittelfeld Schweiz Tranquillo Barnetta
50%
Mittelfeld Frankreich Yassin Ben Balla
50%
Mittelfeld Tschechien Alex Kral
48%
Sturm Griechenland Angelos Charisteas
48%
Abwehr Spanien Sergio Escudero
48%
Mittelfeld Kosovo Blendi Idrizi
47%
Mittelfeld Deutschland Dominick Drexler
47%
Abwehr Marokko Hamza Mendyl
47%
Sturm Schweden Jordan Larsson
46%
Abwehr Schweiz Cedric Brunner
45%
Abwehr Deutschland Christoph Metzelder
45%
Mittelfeld Kolumbien Eder Balanta
45%
Mittelfeld Deutschland Lewis Holtby
45%
Mittelfeld Brasilien Michel Bastos
45%
Sturm Deutschland Peter Remmert
45%
Abwehr Deutschland Dennis Aogo
44%
Torwart Deutschland Fabian Giefer
44%
Sturm Portugal Goncalo Paciencia
43%
Mittelfeld Deutschland Johannes Geis
43%
Mittelfeld Deutschland Alexander Baumjohann
42%
Mittelfeld Kosovo Donis Avdijaj
42%
Mittelfeld Deutschland Jonas Hofmann
42%
Abwehr Brasilien Junior Caicara
42%
Sturm Deutschland Pierre-Michel Lasogga
42%
Abwehr Deutschland Anton Donkor
41%
Mittelfeld Deutschland Assan Ouedraogo
41%
Abwehr Belgien Martin Wasinski
41%
Abwehr Ghana Abdul Rahman Baba
40%
Mittelfeld Niederlande Ibrahim Afellay
40%
Mittelfeld Deutschland Janik Bachmann
40%
Abwehr Spanien Juan Miranda
40%
Mittelfeld China Junmin Hao
40%
Mittelfeld Deutschland Lino Tempelmann
40%
Abwehr Österreich Reinhold Ranftl
40%
Abwehr Frankreich Jean-Clair Todibo
39%
Mittelfeld Türkei Levent Mercan
39%
Mittelfeld Deutschland Marco Höger
39%
Sturm Deutschland Sebastian Polter
39%
Mittelfeld Ghana Anthony Annan
38%
Mittelfeld Deutschland Can Bozdogan
38%
Mittelfeld Deutschland Christoph Moritz
38%
Mittelfeld Deutschland Danny Latza
38%
Abwehr Deutschland Shkodran Mustafi
38%
Sturm Deutschland Fabian Reese
37%
Abwehr Deutschland Holger Badstuber
37%
Mittelfeld Frankreich Ilyes Hamache
37%
Abwehr Deutschland Kilian Ludewig
37%
Abwehr Deutschland Lukas Schmitz
37%
Mittelfeld Kroatien Marko Pjaca
37%
Mittelfeld Deutschland Sidney Sam
37%
Mittelfeld Japan Soichiro Kozuki
37%
Sturm Togo Zaid Amoussou-Tchibara
37%
Mittelfeld Iran Ali Karimi
36%
Mittelfeld Marokko Aymen Barkok
36%
Mittelfeld Ghana Christopher Antwi-Adjei
36%
Mittelfeld Südkorea Dong-gyeong Lee
36%
Mittelfeld Dänemark Pierre-Emile Hojbjerg
36%
Abwehr Norwegen Andreas Vindheim
35%
Abwehr Finnland Jere Uronen
35%
Sturm Deutschland Marvin Pieringer
35%
Abwehr Spanien Pablo Insua
35%
Mittelfeld Deutschland Tobias Mohr
35%
Abwehr Norwegen Marius Lode
34%
Mittelfeld Deutschland Peer Kluge
34%
Sturm Deutschland Felix Platte
33%
Mittelfeld Deutschland Florian Flick
33%
Abwehr Österreich Leo Greiml
33%
Mittelfeld Marokko Younes Belhanda
32%
Mittelfeld Deutschland Yusuf Kabadayi
32%
Abwehr Deutschland Christian Pander
31%
Mittelfeld Belgien Dries Wouters
31%
Mittelfeld Deutschland Jan Kirchhoff
31%
Sturm Brasilien Raffael
31%
Abwehr Brasilien William
31%
Abwehr Deutschland Timo Baumgartl
30%
Sturm Slowakei Erik Jendrisek
29%
Torwart Österreich Michael Gspurning
29%
Abwehr Brasilien Danilo Avelar
28%
Mittelfeld Tschechien Jan Moravek
28%
Sturm Deutschland Steven Skrzybski
28%
Abwehr Frankreich Brandon Soppy
27%
Sturm Deutschland Cedric Teuchert
27%
Abwehr Deutschland Kerim Calhanoglu
27%
Sturm Aserbaidschan Rufat Dadashov
27%
Mittelfeld Rumänien Ciprian Deac
26%
Mittelfeld Frankreich Florent Mollet
26%
Abwehr Niederlande Jeffrey Bruma
26%
Abwehr Deutschland Marvin Friedrich
26%
Abwehr Deutschland Tim Hoogland
26%
Sturm Schweiz Mario Gavranovic
25%
Mittelfeld Ghana Bernard Tekpetey
24%
Sturm Deutschland Luca Schuler
24%
Abwehr Deutschland Sascha Riether
24%
Abwehr Deutschland Philipp Max
23%
Mittelfeld Russland Yaroslav Mikhailov
23%
Mittelfeld Deutschland Tim Skarke
22%
Abwehr Griechenland Vasilios Pliatsikas
22%
Mittelfeld Deutschland Niklas Tauer
21%
Abwehr Niederlande Steven van der Sloot
21%
Mittelfeld Deutschland Christian Clemens
20%
Abwehr Deutschland Tim Schmidt
20%
Mittelfeld Rumänien Andreas Ivan
19%
Mittelfeld Kosovo Bleron Krasniqi
19%
Abwehr Frankreich Nicolas Plestan
19%
Abwehr Frankreich Tidiane Touré
19%
Mittelfeld Deutschland Marc Rzatkowski
17%
Mittelfeld Norwegen Mikail Maden
17%
Abwehr Griechenland Vasilios Pavlidis
17%
Mittelfeld Deutschland Benjamin Goller
16%
Mittelfeld Niederlande Jimmy Kaparos
16%
Abwehr Frankreich Timothee Kolodziejczak
15%
Abwehr Deutschland Jonas Carls
13%
Abwehr Australien George Timotheou
11%
Sturm Deutschland Niklas Castelle
11%
Abwehr Deutschland Malik Talabidi
9%
Sturm Deutschland Marco Quotschalla
6%
Abwehr Deutschland Alexander Langlitz
5%
Abwehr Deutschland Andreas Wiegel
5%
Abwehr Togo Alban Sabah
1%
Keine übereinstimmenden Quizze gefunden
Verteilung der Resultate
Anzahl Personen mit jedem Resultat
Perzentil nach korrekt beantworteten Fragen
Ihre Resultats-Entwicklung
Sie haben dieses Quiz seit der letzten Aktualisierung nicht gespielt